[Event "SWE-chT 1920 Elite"]
[Site "Sweden"]
[Date "2020.10.18"]
[Round "7.3"]
[White "Golubka, Petro"]
[Black "Ong, Kezli"]
[Result "1/2-1/2"]
[WhiteElo "2471"]
[BlackElo "2314"]
[WhiteFideId "-1"]
[BlackFideId "-1"]
[PlyCount "112"]
[GameId "1575592153612288"]
[EventDate "2019.10.18"]
[EventType "team-tourn"]
[EventRounds "9"]
[EventCountry "SWE"]
[SourceTitle "EXT 2022"]
[Source "ChessBase"]
[SourceDate "2021.10.06"]
[SourceVersion "1"]
[SourceVersionDate "2021.10.06"]
[SourceQuality "1"]
[WhiteTeam "Vaxjo"]
[BlackTeam "Farsta"]
[WhiteTeamCountry "SWE"]
[BlackTeamCountry "SWE"]

1. b3 Nf6 2. Bb2 g6 3. g3 Bg7 4. Bg2 O-O 5. e3 d5 6. Ne2 c5 7. O-O Nc6 8. d3 e5 9. Nd2 h5 10. h3 Bf5 11. f4 e4 12. dxe4 Nxe4 13. Bxg7 Kxg7 14. Nxe4 Bxe4 15. Bxe4 dxe4 16. Nc3 Re8 17. Qe1 Qa5 18. a3 Rad8 19. g4 hxg4 20. hxg4 Ne7 21. f5 Nd5 22. f6+ Kg8 23. Nxd5 Qxe1 24. Raxe1 Rxd5 25. Kg2 Re6 26. Kg3 g5 27. c4 Rdd6 28. Rf5 Rxf6 29. Rxg5+ Kf8 30. Rxc5 Rf3+ 31. Kh4 Rd3 32. Rb5 b6 33. a4 Rdxe3 34. Rxe3 Rxe3 35. a5 bxa5 36. Rxa5 Rxb3 37. Rxa7 Rc3 38. Ra5 Rxc4 39. Kg3 Kg7 40. Kf4 e3+ 41. Kf3 Kg6 42. Kxe3 Rxg4 43. Kf3 Rb4 44. Rc5 f6 45. Ra5 Rb1 46. Kg3 Rf1 47. Rb5 Rf5 48. Rb4 Rc5 49. Ra4 Kf5 50. Rf4+ Ke5 51. Ra4 Rc3+ 52. Kf2 f5 53. Rb4 Kf6 54. Ra4 Kg5 55. Rb4 Rc2+ 56. Kf3 Rc3+ 1/2-1/2

[Event "UKR-ch 1/2 final"]
[Site "Omelnyk UKR"]
[Date "2019.10.10"]
[Round "5.5"]
[White "Golubka, Petro"]
[Black "Malovanyi, Yulian"]
[Result "1/2-1/2"]
[WhiteElo "2471"]
[BlackElo "2351"]
[WhiteFideId "-1"]
[BlackFideId "-1"]
[PlyCount "115"]
[GameId "2130307601929166"]
[EventDate "2019.10.06"]
[EventType "swiss"]
[EventRounds "9"]
[EventCountry "UKR"]
[SourceTitle "10 Days #594"]
[Source "ChessMix"]
[SourceDate "2019.10.20"]
[SourceVersion "1"]
[SourceVersionDate "2019.10.20"]
[SourceQuality "1"]

1. c4 c5 2. Nc3 Nf6 3. g3 g6 4. Bg2 Bg7 5. e3 O-O 6. Nge2 Nc6 7. O-O d6 8. d4 cxd4 9. exd4 Bg4 10. Be3 Rc8 11. f3 Bd7 12. d5 Na5 13. b3 a6 14. Qd2 b5 15. cxb5 axb5 16. Rac1 b4 17. Ne4 Rb8 18. Rfe1 Nxe4 19. fxe4 Rb7 20. Nd4 Qa8 21. Rc2 Rc8 22. Rec1 Rxc2 23. Rxc2 Rb8 24. Qc1 Rc8 25. Rxc8+ Bxc8 26. Qc7 Bf6 27. Nc2 Kg7 28. Nxb4 Nb7 29. Qc2 Qa5 30. Nd3 Bd7 31. Bf1 Bb5 32. Nf2 h5 33. Qd2 Qa6 34. Bxb5 Qxb5 35. Kg2 Nc5 36. Qc2 Qa5 37. Bd2 Qa6 38. Bc3 Qb5 39. b4 Na4 40. Bxf6+ exf6 41. a3 Qa6 42. Qc6 Qa7 43. Qxd6 Qe3 44. Qa6 Nb2 45. h4 Qd2 46. Qf1 f5 47. exf5 Qxd5+ 48. Kg1 Qxf5 49. Qe2 Qb1+ 50. Kg2 Qa2 51. b5 Qd5+ 52. Kh2 Nc4 53. a4 Ne5 54. Qb2 Kh7 55. b6 Nf3+ 56. Kg2 Nd2+ 57. Kg1 Nf3+ 58. Kg2 1/2-1/2

[Event "Kvibergspelen op"]
[Site "Kvibergspelen SWE"]
[Date "2019.09.27"]
[Round "1.5"]
[White "Golubka, Petro"]
[Black "Olsson, Thomas"]
[Result "1-0"]
[WhiteElo "2479"]
[BlackElo "1956"]
[WhiteFideId "-1"]
[BlackFideId "-1"]
[PlyCount "69"]
[GameId "2129404754935292"]
[EventDate "2019.09.27"]
[EventType "swiss"]
[EventRounds "8"]
[EventCountry "SWE"]
[SourceTitle "10 Days #592"]
[Source "ChessMix"]
[SourceDate "2019.10.01"]
[SourceVersion "1"]
[SourceVersionDate "2019.10.01"]
[SourceQuality "1"]
[TimeControl "15/90+5:0"]
[WhiteClock "0:03:47"]
[BlackClock "0:05:25"]

1. e4 {[%emt 0:00:00]} e5 {[%emt 0:00:00]} 2. Nf3 {[%emt 0:00:00]} Nc6 {[%emt 0:00:00]} 3. Bb5 {[%emt 0:00:00]} a6 {[%emt 0:00:00]} 4. Ba4 {[%emt 0:00:00]} d6 {[%emt 0:00:00]} 5. c3 {[%emt 0:00:00]} Nge7 {[%emt 0:00:00]} 6. d3 {[%emt 0:00:00]} Ng6 {[%emt 0:00:00]} 7. O-O {[%emt 0:00:00]} Be7 {[%emt 0:00:00]} 8. d4 {[%emt 0:00:00]} O-O {[%emt 0:00:00]} 9. Be3 {[%emt 0:00:00]} h6 {[%emt 0:00:00]} 10. Nbd2 {[%emt 0:00:00]} b5 {[%emt 0:00:00]} 11. Bb3 {[%emt 0:00:00]} Bg5 {[%emt 0:00:00]} 12. Nxg5 {[%emt 0:00:00]} hxg5 {[%emt 0:00:00]} 13. Qh5 {[%emt 0:00:00]} Nf4 {[%emt 0:00:00]} 14. Bxf4 {[%emt 0:00:00]} gxf4 {[%emt 0:00:00]} 15. Nf3 {[%emt 0:00:00]} Qf6 {[%emt 0:00:00]} 16. Ng5 {[%emt 0:00:00]} Qh6 {[%emt 0:00:00]} 17. Bxf7+ {[%emt 0:00:00]} Kh8 {[%emt 0:00:00]} 18. d5 {[%emt 0:00:00]} Nd8 {[%emt 0:00:00]} 19. h4 {[%emt 0:00:00]} Bd7 {[%emt 0:00:00]} 20. Rad1 {[%emt 0:00:00]} Qxh5 {[%emt 0:00:00]} 21. Bxh5 {[%emt 0:00:00]} Rf6 {[%emt 0:00:00]} 22. g3 {[%emt 0:00:00]} g6 {[%emt 0:00:00]} 23. Be2 {[%emt 0:00:00]} Nf7 {[%emt 0:00:00]} 24. Nf3 {[%emt 0:00:00]} Bh3 {[%emt 0:00:00]} 25. Rfe1 {[%emt 0:00:00]} Bg4 {[%emt 0:00:00]} 26. Nh2 {[%emt 0:00:00]} Bxe2 {[%emt 0:00:00]} 27. Rxe2 {[%emt 0:00:00]} g5 {[%emt 0:01:01.30]} 28. Ng4 {[%emt 0:00:00]} Rg6 {[%emt 0:00:04]} 29. h5 {[%emt 0:00:00]} Rg7 {[%emt 0:00:03]} 30. Kg2 {[%emt 0:00:00]} Rh7 {[%emt 0:00:11]} 31. Rh1 {[%emt 0:01:03.30]} Kg7 {[%emt 0:01:38]} 32. c4 {[%emt 0:00:41]} Rah8 {[%emt 0:00:09]} 33. cxb5 {[%emt 0:00:08]} axb5 {[%emt 0:00:04]} 34. Rc2 {[%emt 0:00:02]} Rc8 {[%emt 0:00:23]} 35. Rhc1 {[%emt 0:00:06]} 1-0

[Event "Kvibergspelen op"]
[Site "Kvibergspelen SWE"]
[Date "2019.09.27"]
[Round "2.5"]
[White "Troberg Eskola, Love"]
[Black "Golubka, Petro"]
[Result "0-1"]
[WhiteElo "2143"]
[BlackElo "2479"]
[WhiteFideId "-1"]
[BlackFideId "-1"]
[PlyCount "84"]
[GameId "2129404755000847"]
[EventDate "2019.09.27"]
[EventType "swiss"]
[EventRounds "8"]
[EventCountry "SWE"]
[SourceTitle "10 Days #592"]
[Source "ChessMix"]
[SourceDate "2019.10.01"]
[SourceVersion "1"]
[SourceVersionDate "2019.10.01"]
[SourceQuality "1"]
[TimeControl "15/90+5:0"]
[WhiteClock "0:06:14"]
[BlackClock "0:00:17"]

1. e4 {[%emt 0:00:00]} c6 {[%emt 0:00:00]} 2. Nc3 {[%emt 0:00:00]} d5 {[%emt 0:00:00]} 3. Nf3 {[%emt 0:00:00]} a6 {[%emt 0:00:00]} 4. h3 {[%emt 0:00:00]} g6 {[%emt 0:00:00]} 5. d4 {[%emt 0:00:00]} dxe4 {[%emt 0:00:00]} 6. Nxe4 {[%emt 0:00:00]} Bg7 {[%emt 0:00:00]} 7. Bf4 {[%emt 0:00:00]} Bf5 {[%emt 0:00:00]} 8. Qe2 {[%emt 0:00:00]} Bxe4 {[%emt 0:00:00]} 9. Qxe4 {[%emt 0:00:00]} Nf6 {[%emt 0:00:00]} 10. Qd3 {[%emt 0:00:00]} Nd5 {[%emt 0:00:00]} 11. Bd2 {[%emt 0:00:00]} Nd7 {[%emt 0:00:00]} 12. c4 {[%emt 0:00:00]} N5f6 {[%emt 0:00:00]} 13. Be2 {[%emt 0:00:00]} O-O {[%emt 0:00:00]} 14. O-O {[%emt 0:00:00]} Qc7 {[%emt 0:00:00]} 15. Rfe1 {[%emt 0:00:00]} Rad8 {[%emt 0:00:00]} 16. Bf1 {[%emt 0:00:00]} Rfe8 {[%emt 0:00:00]} 17. Qa3 {[%emt 0:00:00]} e5 {[%emt 0:00:00]} 18. Ba5 {[%emt 0:00:00]} b6 {[%emt 0:00:00]} 19. dxe5 {[%emt 0:00:00]} Nxe5 {[%emt 0:00:00]} 20. Rxe5 {[%emt 0:00:00]} Rxe5 {[%emt 0:00:00]} 21. Bxb6 {[%emt 0:00:25.30]} Qxb6 {[%emt 0:00:00]} 22. Nxe5 {[%emt 0:00:02]} Ne4 {[%emt 0:00:00]} 23. c5 {[%emt 0:00:37]} Nxc5 {[%emt 0:00:00]} 24. Nc4 {[%emt 0:00:21]} Qa7 {[%emt 0:00:00]} 25. Rc1 {[%emt 0:00:17]} Ne4 {[%emt 0:00:00]} 26. Qe3 {[%emt 0:00:30]} Qxe3 {[%emt 0:00:00]} 27. Nxe3 {[%emt 0:00:04]} c5 {[%emt 0:00:00]} 28. b3 {[%emt 0:01:05]} a5 {[%emt 0:00:00]} 29. Nc4 {[%emt 0:00:19]} Bd4 {[%emt 0:00:00]} 30. Rc2 {[%emt 0:00:03]} Ra8 {[%emt 0:00:00]} 31. Bd3 {[%emt 0:01:40]} Nf6 {[%emt 0:00:00]} 32. Re2 {[%emt 0:00:17]} Kf8 {[%emt 0:00:00]} 33. g4 {[%emt 0:00:12]} Ra7 {[%emt 0:00:00]} 34. Nd6 {[%emt 0:00:14]} Rd7 {[%emt 0:00:41.30]} 35. Nc4 {[%emt 0:00:05]} Nd5 {[%emt 0:00:07]} 36. Re4 {[%emt 0:00:28]} Nc3 {[%emt 0:00:28]} 37. Re1 {[%emt 0:00:21]} Nxa2 {[%emt 0:00:10]} 38. Re2 {[%emt 0:00:14]} Nc1 {[%emt 0:00:05]} 39. Rd2 {[%emt 0:00:25]} Nxd3 {[%emt 0:00:07]} 40. Rxd3 {[%emt 0:00:01]} Bxf2+ {[%emt 0:00:04]} 41. Kxf2 {[%emt 0:00:01]} Rxd3 {[%emt 0:00:01]} 42. Nxa5 {[%emt 0:00:02]} Rxh3 {[%emt 0:00:03]} 0-1

[Event "Kvibergspelen op"]
[Site "Kvibergspelen SWE"]
[Date "2019.09.27"]
[Round "3.4"]
[White "Golubka, Petro"]
[Black "Lindbol, Aleksander"]
[Result "1-0"]
[WhiteElo "2479"]
[BlackElo "2216"]
[WhiteFideId "-1"]
[BlackFideId "-1"]
[PlyCount "55"]
[GameId "2129404755000866"]
[EventDate "2019.09.27"]
[EventType "swiss"]
[EventRounds "8"]
[EventCountry "SWE"]
[SourceTitle "10 Days #592"]
[Source "ChessMix"]
[SourceDate "2019.10.01"]
[SourceVersion "1"]
[SourceVersionDate "2019.10.01"]
[SourceQuality "1"]
[TimeControl "15/90+5:0"]
[WhiteClock "0:04:53"]
[BlackClock "0:04:43"]

1. e4 {[%emt 0:00:00]} c6 {[%emt 0:00:00]} 2. d4 {[%emt 0:00:00]} d5 {[%emt 0:00:00]} 3. e5 {[%emt 0:00:00]} Bf5 {[%emt 0:00:00]} 4. Nc3 {[%emt 0:00:00]} e6 {[%emt 0:00:00]} 5. g4 {[%emt 0:00:00]} Bg6 {[%emt 0:00:00]} 6. Nge2 {[%emt 0:00:00]} Ne7 {[%emt 0:00:00]} 7. Nf4 {[%emt 0:00:00]} c5 {[%emt 0:00:00]} 8. h4 {[%emt 0:00:00]} cxd4 {[%emt 0:00:00]} 9. Nb5 {[%emt 0:00:00]} Nec6 {[%emt 0:00:00]} 10. h5 {[%emt 0:00:00]} Be4 {[%emt 0:00:00]} 11. f3 {[%emt 0:00:00]} a6 {[%emt 0:00:00]} 12. Nd6+ {[%emt 0:00:00]} Bxd6 {[%emt 0:00:00]} 13. exd6 {[%emt 0:00:00]} g5 {[%emt 0:00:00]} 14. Nh3 {[%emt 0:00:00]} Qxd6 {[%emt 0:00:00]} 15. Bg2 {[%emt 0:00:00]} Qg3+ {[%emt 0:00:00]} 16. Kf1 {[%emt 0:00:00]} f5 {[%emt 0:00:00]} 17. fxe4 {[%emt 0:00:00]} fxe4 {[%emt 0:00:00]} 18. Kg1 {[%emt 0:00:00]} Ne5 {[%emt 0:00:00]} 19. Nxg5 {[%emt 0:00:00]} Rf8 {[%emt 0:00:00]} 20. Rh3 {[%emt 0:00:00]} Qf2+ {[%emt 0:00:00]} 21. Kh1 {[%emt 0:00:00]} e3 {[%emt 0:00:00]} 22. Bxe3 {[%emt 0:00:00]} dxe3 {[%emt 0:00:00]} 23. Nxe6 {[%emt 0:00:00]} e2 {[%emt 0:00:00]} 24. Qe1 {[%emt 0:00:04.30]} Nxg4 {[%emt 0:00:15.30]} 25. Nxf8 {[%emt 0:00:21]} Qxe1+ {[%emt 0:00:02]} 26. Rxe1 {[%emt 0:00:01]} Nf2+ {[%emt 0:00:02]} 27. Kh2 {[%emt 0:00:05]} Nxh3 {[%emt 0:00:03]} 28. Ne6 {[%emt 0:00:06]} 1-0

[Event "Kvibergspelen op"]
[Site "Kvibergspelen SWE"]
[Date "2019.09.27"]
[Round "4.2"]
[White "Lyngsjo, Hakan"]
[Black "Golubka, Petro"]
[Result "0-1"]
[WhiteElo "2031"]
[BlackElo "2479"]
[WhiteFideId "-1"]
[BlackFideId "-1"]
[PlyCount "42"]
[GameId "2129404755009076"]
[EventDate "2019.09.27"]
[EventType "swiss"]
[EventRounds "8"]
[EventCountry "SWE"]
[SourceTitle "10 Days #592"]
[Source "ChessMix"]
[SourceDate "2019.10.01"]
[SourceVersion "1"]
[SourceVersionDate "2019.10.01"]
[SourceQuality "1"]
[TimeControl "15/90+5:0"]
[WhiteClock "0:10:55"]
[BlackClock "0:08:20"]

1. e4 {[%emt 0:00:00]} c5 {[%emt 0:00:00]} 2. Nf3 {[%emt 0:00:00]} d6 {[%emt 0:00:00]} 3. Bb5+ {[%emt 0:00:00]} Nd7 {[%emt 0:00:00]} 4. O-O {[%emt 0:00:00]} Ngf6 {[%emt 0:00:00]} 5. d4 {[%emt 0:00:00]} cxd4 {[%emt 0:00:00]} 6. Qxd4 {[%emt 0:00:00]} a6 {[%emt 0:00:00]} 7. Bxd7+ {[%emt 0:00:00]} Bxd7 {[%emt 0:00:00]} 8. c4 {[%emt 0:00:00]} g6 {[%emt 0:00:00]} 9. Nc3 {[%emt 0:00:00]} Bg7 {[%emt 0:00:00]} 10. b3 {[%emt 0:00:00]} O-O {[%emt 0:00:00]} 11. Bb2 {[%emt 0:00:00]} Bc6 {[%emt 0:00:00]} 12. Qd3 {[%emt 0:00:00]} Rc8 {[%emt 0:00:00]} 13. Nd5 {[%emt 0:00:00]} Nxd5 {[%emt 0:00:00]} 14. Bxg7 {[%emt 0:00:00]} Nf4 {[%emt 0:00:00]} 15. Qd2 {[%emt 0:00:00]} Nh3+ {[%emt 0:00:00]} 16. gxh3 {[%emt 0:00:00]} Kxg7 {[%emt 0:00:00]} 17. h4 {[%emt 0:00:00]} e5 {[%emt 0:00:00]} 18. Rfe1 {[%emt 0:00:00]} Qd7 {[%emt 0:00:00]} 19. Kh1 {[%emt 0:00:00]} f5 {[%emt 0:00:00]} 20. h5 {[%emt 0:00:00]} fxe4 {[%emt 0:00:00]} 21. h6+ {[%emt 0:00:00]} Kh8 {[%emt 0:00:00]} 0-1

[Event "Kvibergspelen op"]
[Site "Kvibergspelen SWE"]
[Date "2019.09.28"]
[Round "5.1"]
[White "Golubka, Petro"]
[Black "Hector, Jonny"]
[Result "0-1"]
[WhiteElo "2479"]
[BlackElo "2477"]
[WhiteFideId "-1"]
[BlackFideId "-1"]
[PlyCount "62"]
[GameId "2129404755009095"]
[EventDate "2019.09.27"]
[EventType "swiss"]
[EventRounds "8"]
[EventCountry "SWE"]
[SourceTitle "10 Days #592"]
[Source "ChessMix"]
[SourceDate "2019.10.01"]
[SourceVersion "1"]
[SourceVersionDate "2019.10.01"]
[SourceQuality "1"]
[TimeControl "15/90+5:0"]
[WhiteClock "0:18:31"]
[BlackClock "0:23:19"]

1. e4 {[%emt 0:00:00]} e5 {[%emt 0:00:00]} 2. Nf3 {[%emt 0:00:00]} Nc6 {[%emt 0:00:00]} 3. d4 {[%emt 0:00:00]} exd4 {[%emt 0:00:00]} 4. Nxd4 {[%emt 0:00:00]} Nf6 {[%emt 0:00:00]} 5. Nxc6 {[%emt 0:00:00]} bxc6 {[%emt 0:00:00]} 6. e5 {[%emt 0:00:00]} Qe7 {[%emt 0:00:00]} 7. Qe2 {[%emt 0:00:00]} Nd5 {[%emt 0:00:00]} 8. h4 {[%emt 0:00:00]} a5 {[%emt 0:00:00]} 9. c4 {[%emt 0:00:00]} Ba6 {[%emt 0:00:00]} 10. Nd2 {[%emt 0:00:00]} g6 {[%emt 0:00:00]} 11. Qe4 {[%emt 0:00:00]} f5 {[%emt 0:00:00]} 12. exf6 {[%emt 0:00:00]} Nxf6 {[%emt 0:00:00]} 13. Qxe7+ {[%emt 0:00:00]} Bxe7 {[%emt 0:00:00]} 14. Bd3 {[%emt 0:00:00]} O-O {[%emt 0:00:00]} 15. O-O {[%emt 0:00:00]} d5 {[%emt 0:00:00]} 16. b3 {[%emt 0:00:00]} Ng4 {[%emt 0:00:00]} 17. Nf3 {[%emt 0:00:00]} Bc5 {[%emt 0:00:00]} 18. Bg5 {[%emt 0:00:00]} dxc4 {[%emt 0:00:00]} 19. Bxc4+ {[%emt 0:00:00]} Bxc4 {[%emt 0:00:00]} 20. bxc4 {[%emt 0:00:00]} Rab8 {[%emt 0:00:00]} 21. Bd2 {[%emt 0:00:00]} a4 {[%emt 0:00:00]} 22. Ba5 {[%emt 0:00:00]} Rb2 {[%emt 0:00:00]} 23. Bxc7 {[%emt 0:00:00]} Bxf2+ {[%emt 0:00:00]} 24. Kh1 {[%emt 0:00:00]} Bc5 {[%emt 0:00:00]} 25. Bg3 {[%emt 0:00:00]} Ne3 {[%emt 0:00:00]} 26. Rf2 {[%emt 0:00:00]} a3 {[%emt 0:00:00]} 27. Rxb2 {[%emt 0:00:00]} axb2 {[%emt 0:00:00]} 28. Rb1 {[%emt 0:00:00]} Nxc4 {[%emt 0:00:00]} 29. Ne5 {[%emt 0:00:00]} Nxe5 {[%emt 0:00:00]} 30. Bxe5 {[%emt 0:00:00]} Ba3 {[%emt 0:00:00]} 31. Kg1 {[%emt 0:00:00]} Re8 {[%emt 0:00:00]} 0-1

[Event "Kvibergspelen op"]
[Site "Kvibergspelen SWE"]
[Date "2019.09.28"]
[Round "6.5"]
[White "Petersson, Baldur Teodor"]
[Black "Golubka, Petro"]
[Result "0-1"]
[WhiteElo "2238"]
[BlackElo "2479"]
[WhiteFideId "-1"]
[BlackFideId "-1"]
[PlyCount "84"]
[GameId "2129404755009119"]
[EventDate "2019.09.27"]
[EventType "swiss"]
[EventRounds "8"]
[EventCountry "SWE"]
[SourceTitle "10 Days #592"]
[Source "ChessMix"]
[SourceDate "2019.10.01"]
[SourceVersion "1"]
[SourceVersionDate "2019.10.01"]
[SourceQuality "1"]
[TimeControl "15/90+5:0"]
[WhiteClock "0:24:52"]
[BlackClock "0:41:05"]

1. e4 {[%emt 0:00:00]} c6 {[%emt 0:00:00]} 2. d4 {[%emt 0:00:00]} d5 {[%emt 0:00:00]} 3. e5 {[%emt 0:00:00]} Bf5 {[%emt 0:00:00]} 4. h4 {[%emt 0:00:00]} h5 {[%emt 0:00:00]} 5. Bd3 {[%emt 0:00:00]} Bxd3 {[%emt 0:00:00]} 6. Qxd3 {[%emt 0:00:00]} e6 {[%emt 0:00:00]} 7. Bg5 {[%emt 0:00:00]} Qa5+ {[%emt 0:00:00]} 8. Nd2 {[%emt 0:00:00]} Qa6 {[%emt 0:00:00]} 9. c4 {[%emt 0:00:00]} Bb4 {[%emt 0:00:00]} 10. b3 {[%emt 0:00:00]} Nd7 {[%emt 0:00:00]} 11. Ngf3 {[%emt 0:00:00]} Ne7 {[%emt 0:00:00]} 12. O-O {[%emt 0:00:00]} Nf5 {[%emt 0:00:00]} 13. a3 {[%emt 0:00:00]} Bxd2 {[%emt 0:00:00]} 14. Nxd2 {[%emt 0:00:00]} O-O {[%emt 0:00:00]} 15. Rfd1 {[%emt 0:00:00]} Rac8 {[%emt 0:00:00]} 16. Nf3 {[%emt 0:00:00]} Rfe8 {[%emt 0:00:00]} 17. Rab1 {[%emt 0:00:00]} Nb6 {[%emt 0:00:00]} 18. c5 {[%emt 0:00:00]} Qxd3 {[%emt 0:00:00]} 19. Rxd3 {[%emt 0:00:00]} Nd7 {[%emt 0:00:00]} 20. b4 {[%emt 0:00:00]} b6 {[%emt 0:00:00]} 21. Rdb3 {[%emt 0:00:00]} f6 {[%emt 0:00:00]} 22. Bf4 {[%emt 0:00:00]} Kf7 {[%emt 0:00:00]} 23. a4 {[%emt 0:00:00]} Ne7 {[%emt 0:00:00]} 24. a5 {[%emt 0:00:00]} b5 {[%emt 0:00:00]} 25. Re1 {[%emt 0:00:00]} Nf5 {[%emt 0:00:00]} 26. Rb2 {[%emt 0:00:00]} Nf8 {[%emt 0:00:00]} 27. Rbe2 {[%emt 0:00:00]} Ng6 {[%emt 0:00:00]} 28. Bg3 {[%emt 0:00:00]} Re7 {[%emt 0:00:00]} 29. exf6 {[%emt 0:00:00]} gxf6 {[%emt 0:00:00]} 30. Kh2 {[%emt 0:00:00]} Rce8 {[%emt 0:00:00]} 31. Kh3 {[%emt 0:00:00]} Kg8 {[%emt 0:00:00]} 32. Kh2 {[%emt 0:00:00]} Nf8 {[%emt 0:00:00]} 33. Rc2 {[%emt 0:00:00]} Rg7 {[%emt 0:00:00]} 34. Bd6 {[%emt 0:00:00]} Rg4 {[%emt 0:00:00]} 35. Rce2 {[%emt 0:00:00]} Ng6 {[%emt 0:00:00]} 36. Bg3 {[%emt 0:00:00]} Kf7 {[%emt 0:00:00]} 37. Rd2 {[%emt 0:00:00]} a6 {[%emt 0:00:00]} 38. Kh3 {[%emt 0:00:00]} Rg8 {[%emt 0:00:00]} 39. Rd3 {[%emt 0:00:00]} Nfxh4 {[%emt 0:00:00]} 40. Rde3 {[%emt 0:00:00]} Nxf3 {[%emt 0:00:00]} 41. gxf3 {[%emt 0:00:00]} Rxd4 {[%emt 0:00:00]} 42. Rxe6 {[%emt 0:00:00]} Rh4+ {[%emt 0:00:00]} 0-1

[Event "Kvibergspelen op"]
[Site "Kvibergspelen SWE"]
[Date "2019.09.29"]
[Round "7.2"]
[White "Golubka, Petro"]
[Black "Sorensen, Hampus"]
[Result "1-0"]
[WhiteElo "2479"]
[BlackElo "2319"]
[WhiteFideId "-1"]
[BlackFideId "-1"]
[PlyCount "53"]
[GameId "2129404755009136"]
[EventDate "2019.09.27"]
[EventType "swiss"]
[EventRounds "8"]
[EventCountry "SWE"]
[SourceTitle "10 Days #592"]
[Source "ChessMix"]
[SourceDate "2019.10.01"]
[SourceVersion "1"]
[SourceVersionDate "2019.10.01"]
[SourceQuality "1"]
[TimeControl "15/90+5:0"]
[WhiteClock "0:25:06"]
[BlackClock "0:45:28"]

1. c4 {[%emt 0:00:00]} e5 {[%emt 0:00:00]} 2. Nc3 {[%emt 0:00:00]} Bb4 {[%emt 0:00:00]} 3. Nd5 {[%emt 0:00:00]} Bc5 {[%emt 0:00:00]} 4. Nf3 {[%emt 0:00:00]} c6 {[%emt 0:00:00]} 5. Nc3 {[%emt 0:00:00]} d6 {[%emt 0:00:00]} 6. e3 {[%emt 0:00:00]} Qe7 {[%emt 0:00:00]} 7. Be2 {[%emt 0:00:00]} e4 {[%emt 0:00:00]} 8. Nd4 {[%emt 0:00:00]} Nf6 {[%emt 0:00:00]} 9. d3 {[%emt 0:00:00]} exd3 {[%emt 0:00:00]} 10. Qxd3 {[%emt 0:00:00]} Nbd7 {[%emt 0:00:00]} 11. O-O {[%emt 0:00:00]} Ne5 {[%emt 0:00:00]} 12. Qc2 {[%emt 0:00:00]} O-O {[%emt 0:00:00]} 13. Rd1 {[%emt 0:00:00]} Rd8 {[%emt 0:00:00]} 14. b3 {[%emt 0:00:00]} d5 {[%emt 0:00:00]} 15. cxd5 {[%emt 0:00:00]} cxd5 {[%emt 0:00:00]} 16. Bb2 {[%emt 0:00:00]} Bd7 {[%emt 0:00:00]} 17. Nf5 {[%emt 0:00:00]} Qe6 {[%emt 0:00:00]} 18. Nxd5 {[%emt 0:00:00]} Rac8 {[%emt 0:00:00]} 19. Nf4 {[%emt 0:00:00]} Qe8 {[%emt 0:00:00]} 20. Qb1 {[%emt 0:00:00]} Bc6 {[%emt 0:00:00]} 21. Nxg7 {[%emt 0:00:00]} Kxg7 {[%emt 0:00:00]} 22. Qf5 {[%emt 0:00:00]} Nfd7 {[%emt 0:00:00]} 23. Rxd7 {[%emt 0:00:00]} Bxd7 {[%emt 0:00:00]} 24. Bxe5+ {[%emt 0:00:00]} Kf8 {[%emt 0:00:00]} 25. Qg5 {[%emt 0:00:00]} f6 {[%emt 0:00:00]} 26. Qh6+ {[%emt 0:00:00]} Kg8 {[%emt 0:00:00]} 27. Bc4+ {[%emt 0:00:00]} 1-0

[Event "Kvibergspelen op"]
[Site "Kvibergspelen SWE"]
[Date "2019.09.29"]
[Round "8.1"]
[White "Golubka, Petro"]
[Black "Hillarp Persson, Tiger"]
[Result "1/2-1/2"]
[WhiteElo "2479"]
[BlackElo "2558"]
[WhiteFideId "-1"]
[BlackFideId "-1"]
[PlyCount "30"]
[GameId "2129404755009155"]
[EventDate "2019.09.27"]
[EventType "swiss"]
[EventRounds "8"]
[EventCountry "SWE"]
[SourceTitle "10 Days #592"]
[Source "ChessMix"]
[SourceDate "2019.10.01"]
[SourceVersion "1"]
[SourceVersionDate "2019.10.01"]
[SourceQuality "1"]
[TimeControl "15/90+5:0"]
[WhiteClock "0:38:14"]
[BlackClock "1:13:54"]

1. e4 {[%emt 0:00:00]} c5 {[%emt 0:00:00]} 2. Nf3 {[%emt 0:00:00]} e6 {[%emt 0:00:00]} 3. b3 {[%emt 0:00:00]} Nc6 {[%emt 0:00:00]} 4. Bb2 {[%emt 0:00:00]} Nf6 {[%emt 0:00:00]} 5. e5 {[%emt 0:00:00]} Ng4 {[%emt 0:00:00]} 6. h3 {[%emt 0:00:00]} Nh6 {[%emt 0:00:00]} 7. Bd3 {[%emt 0:00:00]} f6 {[%emt 0:00:00]} 8. Be4 {[%emt 0:00:00]} Nxe5 {[%emt 0:00:00]} 9. Nxe5 {[%emt 0:00:00]} fxe5 {[%emt 0:00:00]} 10. Bxe5 {[%emt 0:00:00]} Qg5 {[%emt 0:00:00]} 11. Bg3 {[%emt 0:00:00]} Nf5 {[%emt 0:00:00]} 12. Bxf5 {[%emt 0:00:00]} Qxf5 {[%emt 0:00:00]} 13. Nc3 {[%emt 0:00:00]} b6 {[%emt 0:00:00]} 14. Nb5 {[%emt 0:00:00]} Bb7 {[%emt 0:00:00]} 15. O-O {[%emt 0:00:00]} Kf7 {[%emt 0:00:00]} 1/2-1/2

[Event "SS Manhem GM"]
[Site "Molnlycke SWE"]
[Date "2019.08.12"]
[Round "4.2"]
[White "Golubka, Petro"]
[Black "Blomqvist, Erik"]
[Result "0-1"]
[WhiteElo "2479"]
[BlackElo "2507"]
[WhiteFideId "-1"]
[BlackFideId "-1"]
[PlyCount "38"]
[GameId "2129404756300503"]
[EventDate "2019.08.10"]
[EventType "swiss"]
[EventRounds "9"]
[EventCountry "SWE"]
[EventCategory "8"]
[SourceTitle "10 Days #588"]
[Source "ChessMix"]
[SourceDate "2019.08.20"]
[SourceVersion "1"]
[SourceVersionDate "2019.08.20"]
[SourceQuality "1"]
[TimeControl "90+30"]
[WhiteClock "0:26:09"]
[BlackClock "0:26:54"]

1. e4 {[%emt 0:00:00]} c5 {[%emt 0:00:00]} 2. Nf3 {[%emt 0:00:00]} e6 {[%emt 0:00:00]} 3. Nc3 {[%emt 0:00:00]} a6 {[%emt 0:00:00]} 4. d4 {[%emt 0:00:00]} cxd4 {[%emt 0:00:00]} 5. Nxd4 {[%emt 0:00:00]} b5 {[%emt 0:00:00]} 6. Be3 {[%emt 0:00:00]} Bb7 {[%emt 0:00:00]} 7. f3 {[%emt 0:00:00]} Nf6 {[%emt 0:00:00]} 8. Qd2 {[%emt 0:00:00]} b4 {[%emt 0:00:00]} 9. Na4 {[%emt 0:00:00]} d5 {[%emt 0:00:00]} 10. exd5 {[%emt 0:00:00]} Nxd5 {[%emt 0:00:00]} 11. Bc4 {[%emt 0:00:00]} Nd7 {[%emt 0:00:00]} 12. O-O-O {[%emt 0:00:00]} Be7 {[%emt 0:00:00]} 13. Nf5 {[%emt 0:00:00]} O-O {[%emt 0:00:00]} 14. Nxe7+ {[%emt 0:00:00]} Qxe7 {[%emt 0:00:00]} 15. Bd4 {[%emt 0:00:00]} Rfc8 {[%emt 0:00:00]} 16. Bb3 {[%emt 0:00:00]} Bc6 {[%emt 0:00:00]} 17. Rhe1 {[%emt 0:00:00]} Qd8 {[%emt 0:00:00]} 18. Kb1 {[%emt 0:00:00]} Qa5 {[%emt 0:00:00]} 19. Qg5 {[%emt 0:00:00]} Nc3+ {[%emt 0:00:00]} 0-1